| 000 | 00461nam a2200145 4500 | ||
|---|---|---|---|
| 001 | 108658 | ||
| 003 | ES-MaACL | ||
| 007 | t| | ||
| 008 | 061121s1975 fr r ||||1| fre d | ||
| 100 | 1 |
_aMontherlant, Henry de. _982641 |
|
| 245 | 1 | 0 |
_aTous feux éteints _b: (carnets 1965, 1966, 1967 , carnets sans dates, carnets 1972) / _cHenry de Montherlant. |
| 260 |
_aParís : _bGallimard, _c1975. |
||
| 300 |
_a186 p. ; _c21 cm. |
||
| 852 |
_aES-MaACL _jE-9532 _bR.94131 |
||
| 999 |
_c108658 _d108658 |
||